书目信息 |
| 题名: |
国际经济贸易地理
|
|
| 作者: | 俞坤 | |
| 分册: | ||
| 出版信息: | 北京 中国对外经济贸易出版社 2003 |
|
| 页数: | 284 | |
| 开本: | 20cm | |
| 丛书名: | 首都联合职工大学精品教材系列 | |
| 单 册: | ||
| 中图分类: | F742 | |
| 科图分类: | ||
| 主题词: | 商业经济 | |
| 电子资源: | ||
| ISBN: | 7-80181-080-5 | |
| 000 | 00591nam0 2200205 450 | |
| 001 | 0760515518 | |
| 005 | 20070817164835.51 | |
| 010 | @a7-80181-080-5@d¥17.00 | |
| 100 | @a20070817d km y0chiy0120 ea | |
| 101 | 0 | @achi |
| 200 | 1 | @a国际经济贸易地理@Aguo ji jing ji mao yi di li@f俞坤@Fyu kun |
| 210 | @a北京@c中国对外经济贸易出版社@d2003 | |
| 215 | @a284@d20cm | |
| 225 | 2 | @a首都联合职工大学精品教材系列 |
| 410 | 0 | @12001 @a首都联合职工大学精品教材系列 |
| 606 | 0 | @a商业经济 |
| 690 | @aF742@v3 | |
| 701 | 0 | @a俞坤@Ayu kun |
| 801 | 0 | @aCN@bPFT@c20070817 |
| 905 | @a213230@dF742@eg101@f1 | |
| 国际经济贸易地理/俞坤.-北京:中国对外经济贸易出版社,2003 |
| 284;20cm.-(首都联合职工大学精品教材系列) |
| ISBN 7-80181-080-5:¥17.00 |
| ● |
| 相关链接 |
|
|
|
|
正题名:国际经济贸易地理
索取号:F742/g101
 
预约/预借
| 序号 | 登录号 | 条形码 | 馆藏地/架位号 | 状态 | 备注 |
| 1 | 6502389 | 265023896 | 密集书库-海洋学院/ [索取号:F742/g101] | 在馆 |